| 000 | 00900cam a2200277 a 4500 | ||
|---|---|---|---|
| 001 | 13224550 | ||
| 003 | OSt | ||
| 005 | 20230620114350.0 | ||
| 008 | 030604s1997 nyu b 000 0 eng | ||
| 010 | _a 2003269932 | ||
| 020 | _a0824209206 | ||
| 040 |
_aDLC _cDLC |
||
| 050 | 0 | 0 |
_aZ695.Z8 _bS43 1997 |
| 082 | 0 | 0 |
_a025.4 _222 _bSEA |
| 245 | 0 | 0 | _aSears list of subject headings. |
| 250 |
_a16th ed. / _bedited by Joseph Miller. |
||
| 260 |
_aNew York : _bH.W. Wilson Co., _c1997. |
||
| 300 |
_alii, 786 p. ; _c26 cm. |
||
| 504 | _aIncludes bibliographical references (p. xxxvii-xxviii). | ||
| 650 | 0 | _aSubject headings. | |
| 700 | 1 |
_aSears, Minnie Earl, _d1873-1933. |
|
| 700 | 1 |
_aMiller, Joseph, _d1946- |
|
| 906 |
_a7 _bcbc _corigcop _d2 _encip _f20 _gy-gencatlg |
||
| 942 |
_2ddc _cBK |
||
| 999 |
_c1659 _d1659 |
||